LIBRARY & INFORMATION CENTRE, KCAET, TAVANUR

ONLINE PUBLIC ACCESS CATALOGUE (OPAC)

Samskarathinte samaramukhangal / | സംസ്കാരത്തിന്റെ സമരമുഖങ്ങള്‍ (Record no. 19496)

MARC details
000 -LEADER
fixed length control field 00448nam a22001457a 4500
003 - CONTROL NUMBER IDENTIFIER
control field OSt
008 - FIXED-LENGTH DATA ELEMENTS--GENERAL INFORMATION
fixed length control field 250902b |||||||| |||| 00| 0 eng d
041 ## - LANGUAGE CODE
Language code of text/sound track or separate title eng
082 ## - DEWEY DECIMAL CLASSIFICATION NUMBER
Classification number 306
Item number KUN/SA
100 ## - MAIN ENTRY--AUTHOR NAME
Personal name Kunhikannan, K. T
245 ## - TITLE STATEMENT
Title Samskarathinte samaramukhangal /
Remainder of title സംസ്കാരത്തിന്റെ സമരമുഖങ്ങള്‍
260 ## - PUBLICATION, DISTRIBUTION, ETC. (IMPRINT)
Place of publication Thiruvananthapuram :
Name of publisher Progress Books,
Year of publication 2019.
300 ## - PHYSICAL DESCRIPTION
Number of Pages 137 p.
942 ## - ADDED ENTRY ELEMENTS (KOHA)
Koha item type Books
Holdings
Withdrawn status Lost status Damaged status Home library Current library Date acquired Source of acquisition Cost, normal purchase price Full call number Accession Number Koha item type
      KAUAET KAUAET 02/09/2025 Donated by KT Jaleel MLA 150.00 306 KUN/SA 26332 Books
free website counter